Pays Union Europenne (UE) - Statistiques

Statistiques générales
  • Ce quiz a été pris 12 fois
  • Le résultat moyen est 26 sur 27
Réponses sur la Carte
Les réponses sont colorées sur une échelle allant du rouge au vert en fonction du pourcentage des utilisateurs qui les ont devinées à leur premier essai. Vous pouvez retrouver ces pourcentages ci-dessous.
 
Statistiques - réponses
Réponse % Correct
Allemagne
100%
Autriche
100%
Belgique
100%
Bulgarie
100%
Croatie
100%
Danemark
100%
Espagne
100%
Estonie
100%
Luxembourg
100%
Portugal
100%
Republique Tcheque
100%
France
100%
Italie
100%
Lettonie
100%
Lituanie
100%
Pays bas
100%
Roumanie
100%
slovaquie
100%
Slovenie
100%
Suede
100%
Finlande
92%
Grece
92%
Hongrie
92%
Irlande
92%
Pologne
92%
malte
75%
Chypre
50%
Aucun quiz correspondant
Distribution des résultats
% des personnes avec chaque résultat
Percentile par nombre de réponses
Votre historique - résultats
Vous n’avez pas pris ce quiz